Digitization of speech using delta modulation (Record no. 182134)

000 -LEADER
fixed length control field 00512 a2200181 4500
003 - CONTROL NUMBER IDENTIFIER
control field Nust
005 - DATE AND TIME OF LATEST TRANSACTION
control field 20251015112512.0
040 ## - CATALOGING SOURCE
Transcribing agency Nust
082 ## - DEWEY DECIMAL CLASSIFICATION NUMBER
Classification number 621.382
100 ## - MAIN ENTRY--PERSONAL NAME
Personal name Sharif, Maj (TE-15)
9 (RLIN) 131122
245 ## - TITLE STATEMENT
Title Digitization of speech using delta modulation
Statement of responsibility, etc. Maj Sharif & Maj Tawfiq & Maj Daz & Capt Akhtar & Capt Gakuru (Kenya)
260 ## - PUBLICATION, DISTRIBUTION, ETC.
Place of publication, distribution, etc. UET, Lahore
Name of publisher, distributor, etc. MCS
Date of publication, distribution, etc. 1983
300 ## - PHYSICAL DESCRIPTION
Extent 68 ,p.;
538 ## - SYSTEM DETAILS NOTE
System details note T2 and Shelf No 3
650 ## - SUBJECT ADDED ENTRY--TOPICAL TERM
Topical term or geographic name entry element UG Projects
9 (RLIN) 98716
651 ## - SUBJECT ADDED ENTRY--GEOGRAPHIC NAME
Geographic name TE-15
9 (RLIN) 131123
942 ## - ADDED ENTRY ELEMENTS (KOHA)
Koha item type Project Report
Source of classification or shelving scheme
Holdings
Withdrawn status Lost status Source of classification or shelving scheme Damaged status Not for loan Permanent Location Current Location Shelving location Date acquired Full call number Barcode Date last seen Price effective from Koha item type Public note
          Military College of Signals (MCS) Military College of Signals (MCS) Reference 12/12/2016 621.382,SHA MCSPTE-2 12/08/2016 12/12/2016 Project Report Almirah No.90, Shelf No.1
          Military College of Signals (MCS) Military College of Signals (MCS) Reference 12/12/2016 621.382,SHA MCSPTE-5 12/08/2016 12/12/2016 Project Report Almirah No.90, Shelf No.1
© 2023 Central Library, National University of Sciences and Technology. All Rights Reserved.